[Event "Samba Cup 2nd"]
[Site "Skanderborg"]
[Date "2005.10.15"]
[Round "2"]
[White "Bruzon Batista, Lazaro"]
[Black "Miton, Kamil"]
[Result "1/2-1/2"]
[WhiteElo "2677"]
[BlackElo "2636"]
[Annotator "Ribli,Z"]
[PlyCount "46"]
[EventDate "2005.10.14"]
[EventType "tourn"]
[EventRounds "9"]
[EventCountry "DEN"]
[EventCategory "16"]
[SourceTitle "CBM 110"]
[Source "ChessBase"]
[SourceDate "2006.01.31"]
[SourceVersion "1"]
[SourceVersionDate "2006.01.31"]
[SourceQuality "1"]

1. c4 Nf6 2. Nc3 c5 3. Nf3 Nc6 4. d4 cxd4 5. Nxd4 e6 6. a3 {Dieser Zug ist
besonders populär in der letzten Zeit geworden; Weiß legt noch nicht seinen
Plan fest, sondern möchte 6...Bb4 verhindern.} Be7 7. e4 O-O 8. Nf3 {Auf den
ersten Blick ist dieser Springerzug sonderbar, aber Weiß möchte auf jeden Fall
die Befreungsmöglichkeit verhindern.} (8. Be2 d5 $11) (8. Nb3) 8... b6 9. Be2
Bb7 10. O-O Rc8 11. Bf4 Na5 12. Nd2 (12. e5) 12... d5 13. cxd5 exd5 14. e5 Ne4
15. Ncxe4 dxe4 16. b4 {Es scheint, dass Schwarz große Schwierigkeiten mit
seiner Figurenkoordination hat, aber...} Bg5 $1 $146 {[%mdl 4] Der polnische
Großmeister hat seine Hausaufgaben gut gelöst! Vor zwei Jahren probierte er
die Fortsetzung 16...Nc6 (was auf den ersten Blick der einzige Zug ist), aber
ohne Erfolg. Jetzt kann er seine, natürlich häuslich vorbereitete, Neuerung
spielen.} (16... Nc6 17. Bg4 Ra8 18. Bf5 Bg5 19. Qh5 g6 20. Bxg5 gxh5 21. Bxd8
Raxd8 22. Nxe4 Nxe5 23. Nf6+ Kh8 24. Nxh5 {1-0 Krasenkow,M-Miton,K/Warsaw 2003/
EXT 2005 (70)}) 17. Bxg5 Qxg5 18. h4 {Weiß muss die gegnerische Dame von g5
ablenken, sonst hätte Schwarz in einigen Varianten e4-e3 ziehen können mit
Mattdrohung auf g2.} (18. bxa5 Rfd8 {[%csl Rd2][%cal Rd8d1,Rg5d2]} 19. Ra2 e3)
18... Qxh4 (18... Qh6 19. bxa5 Rfd8 20. Ra2 e3 21. fxe3 Qxe3+ 22. Rf2 Qxe5 23.
axb6 axb6 24. Bf3 $16) 19. bxa5 Rc6 {[%cal Rc6h6,Rh6h1][%mdl 128] Das ist die
Pointe des schwarzen Spiels: es droht 20...Rh6.} 20. Qb3 (20. Nxe4 Rh6 (20...
Qxe4 21. Bf3 Qxe5 22. Re1 Qxa5 23. Bxc6 Bxc6 24. Qd6 $16) 21. f3 Qh2+ 22. Kf2
Rg6 23. Rg1 Bxe4 24. fxe4 Qxe5 $44) 20... Rh6 21. f3 Qh2+ 22. Kf2 Qh4+ (22...
Rg6 23. Rg1 Qg3+ 24. Kf1 Qxe5) 23. Kg1 Qh2+ 1/2-1/2

[Event "Bundesliga 0506"]
[Site "Germany"]
[Date "2005.10.23"]
[Round "2.1"]
[White "Aronian, Levon"]
[Black "Volokitin, Andrei"]
[Result "1/2-1/2"]
[WhiteElo "2724"]
[BlackElo "2666"]
[Annotator "Ribli,Z"]
[PlyCount "84"]
[EventDate "2005.10.21"]
[EventType "team-tourn"]
[EventRounds "15"]
[EventCountry "GER"]
[SourceTitle "CBM 110"]
[Source "ChessBase"]
[SourceDate "2006.01.31"]
[SourceVersion "1"]
[SourceVersionDate "2006.01.31"]
[SourceQuality "1"]
[WhiteTeam "Kreuzberg"]
[BlackTeam "Katernberg"]
[WhiteTeamCountry "GER"]
[BlackTeamCountry "GER"]

1. Nf3 c5 2. c4 Nc6 3. d4 cxd4 4. Nxd4 Nf6 5. Nc3 e6 6. a3 Be7 7. g3 {Diese
Variante wird selten gespielt, die Alternative 8.e4 ist populärer. Nach 7.g3
bekommen wir eine ähnliche Stellungen, wie nach 6.g3, aber der Zug 6.a3 ist
hier wohl ein Tempoverlust. Nach meiner Meinung ist diese Variante mit 6.a3
und 7.a3 nicht gefährlich für Schwarz.} Qb6 8. Nf3 (8. e3 d5 9. cxd5 Nxd5 10.
Nxd5 exd5 11. Qb3 O-O 12. Qxb6 axb6 13. Bg2 {1/2-1/2 Vallejo Pons,F-Leko,P/
Linares 2005/(13)}) (8. Ndb5 Ne5 9. Bg2 a6 $5 10. Qa4 (10. Na4 Qa5+ $1 11. b4
Qd8 12. Nd6+ Bxd6 13. Qxd6 Nxc4 14. Qd4 d5 15. O-O O-O $15 {1/2-1/2 Illescas
Cordoba,M-Karjakin,S/Dos Hermanas 2004/}) 10... Rb8 11. Be3 Bc5 12. Qb4 Bxe3
13. Nd6+ Kd8 14. fxe3 Qxb4 15. axb4 Ke7 16. c5 b6 {1/2-1/2 McDonald,N-Papp,G/
Budapest 2003/(56)}) 8... O-O (8... Ng4 $5 9. e3 O-O 10. Bg2 Nge5 11. Nxe5 Nxe5
12. b3 Bf6 {[%cal Gf6a1]} 13. Ra2 $5 d5 $1 14. cxd5 Qa6 {[%csl Re1][%cal Re5d3,
Rd3e1]} 15. Bf1 Nf3+ 16. Qxf3 Bxc3+ 17. Bd2 {1/2-1/2 Tkachiev,V-Gelfand,B/
Shenyang 2000/CBM 79/[Ribli] (17)}) 9. Bg2 Rd8 {[%cal Gd7d5] Schwarz bereitet
d7-d5 vor.} (9... d5 10. Be3 (10. cxd5 exd5 11. Nxd5 Nxd5 12. Qxd5 Be6 $44)
10... Qd8 11. cxd5 exd5 12. O-O Bg4 13. Nd4 Qd7 14. Qa4 Rfd8 15. Rad1 Bh3 16.
Rfe1 {1-0 Tomashevsky,E-Belov,V/Kazan 2005/(53)}) 10. O-O (10. Be3 Qa6 {
[%cal Ga6c4,Gd7d5]} (10... Qxb2 $4 11. Na4 $18 {Ein bekanntes Motiv.})) 10...
d5 11. cxd5 Nxd5 {Schwarz hat eine bequeme Stellung und keine Probleme.} (11...
exd5 $5) 12. Qc2 Nxc3 13. bxc3 (13. Qxc3 Bf6) 13... h6 {Mit diesem
prophylaktischen Zug sichert Schwarz seine Königsstellung und verhindert 14.
Ng5.} (13... e5 14. Ng5 Bxg5 15. Bxg5 f6 16. Be3 $14) 14. g4 $6 (14. Be3 Qc7 (
14... Qa5)) (14. Rb1) 14... Qa5 $1 $15 {Schwarz hat eine gesunde Stellung,
während die weiße Bauernstruktur schwach ist.} (14... e5 15. g5) 15. Rb1 e5 16.
Qe4 $1 {[%mdl 256] Weiß zentralisiert seine Dame und beschäftigt sich nicht
mit der Verteidigung des c3-Bauern.} (16. g5 e4) (16. h3) 16... Qxc3 (16... Rb8
17. g5 $132) 17. Bb2 Qa5 18. Nxe5 Nxe5 19. Qxe5 Qxe5 20. Bxe5 {[%csl Ra3,Gb1,
Rb7,Ge5,Gg2,Rg4] Weiß hat einen Bauern weniger und seine a3- und g4-Bauern
sind schwach, aber alle seine Figuren stehen aktiv.} Bxa3 21. Bxb7 Bxb7 22.
Rxb7 Re8 23. Bd4 a5 {[%csl Ga5]} 24. Ra1 Bf8 25. Ra4 $1 {Weiß opfert den
e2-Bauern, aber was noch noch wichtiger ist, er blockiert den a5-Bauern.} (25.
e3 a4) 25... Rxe2 26. Be3 {[%csl Ga4,Gb7][%mdl 4096] Weiß hat einen Bauern
weniger, aber eine feste Verteidigungstellung.} Bd6 27. Kg2 Rc2 28. Bf4 (28. h3
) 28... Bc5 (28... Bxf4 29. Rxf4 f6 (29... Rf8 30. Rf5 a4 31. Ra7 $11) 30. Rd4
Rc5 31. Rdd7 Rg5 32. h3) 29. Bg3 Be3 30. Ra3 Bd4 (30... Bd2 {[%cal Yd2b4]} 31.
Ra4 (31. Rf3 f6 32. Rd3 Bb4 33. Rdd7 Bf8 34. Ra7 (34. Bd6 Rd2 35. Bxf8 Rxd7 36.
Rxd7 Kxf8) 34... Rxa7 35. Rxa7 Ra2 36. h4 a4 37. h5 a3) 31... Bb4 $4 32. Rbxb4
$18) 31. Ra4 Rb2 32. Rc7 (32. Rxb2 Bxb2 33. Kf3 Bc3 34. Ke4) 32... Bb6 33. Rb7
Bd4 34. Rc7 Bf6 35. h4 $1 {[%cal Gh4h5] Weiß mobilisiert seine Reserven und
möchte am Königsflügel Raum gewinnen.} Rb3 36. h5 Bc3 37. Rac4 Bb2 (37... Bb4)
38. Ra4 Ra3 39. Re4 a4 40. Be5 Rb3 41. Bxb2 Rxb2 42. Ree7 Rb4 (42... Rf8 43.
Rc4 Ra8 (43... a3 44. Ra7 a2 45. Rca4 $11) 44. Rcc7) (42... Rb4 43. f3 Rf8 44.
Ra7 $11) 1/2-1/2

[Event "EU-ch 6th"]
[Site "Warsaw"]
[Date "2005.06.25"]
[Round "7"]
[White "Khismatullin, Denis Rimovich"]
[Black "Romanov, Evgeny"]
[Result "0-1"]
[WhiteElo "2572"]
[BlackElo "2437"]
[Annotator "Ribli,Z"]
[PlyCount "68"]
[EventDate "2005.06.18"]
[EventType "swiss"]
[EventRounds "13"]
[EventCountry "POL"]
[SourceTitle "CBM 108"]
[Source "ChessBase"]
[SourceDate "2005.09.26"]
[SourceVersion "1"]
[SourceVersionDate "2005.09.26"]
[SourceQuality "1"]

1. c4 Nf6 2. Nc3 e6 3. Nf3 c5 4. d4 cxd4 5. Nxd4 Nc6 {Stattdessen kann Schwarz
auch 5...Bb4 spielen und in die Nimzoindische Verteidigung überleiten.} 6. a3 {
Diese Spielweise ist sehr populär in den letzten Jahren. Weiß sichert seine
Springerstellung auf c3, da er Bb4 verhindert. Die Hauptalternative ist 6.g3.}
Be7 7. e4 O-O 8. Nf3 {Der Springer geht weg von d4, da Weiß das
Ausgleichsmanöver d7-d5 verhindern will.} (8. Be2 d5 $11) (8. Nb3) 8... Qc7 (
8... b6 9. Bf4 Bb7 10. Be2 Rc8 11. O-O Na5 12. Nd2 d5 13. cxd5 exd5 14. e5 Ne4
15. Ncxe4 dxe4 16. b4 Nc6 17. Bg4 Ra8 18. Bf5 {1-0 Krasenkow,M-Miton,K/Warsaw
2003/EXT 2005 (70)}) 9. Bg5 (9. g3 Rd8 10. Bf4 d6 11. Be2 Ne5 12. Rc1 Ng6 13.
Be3 b6 14. O-O Bb7 15. Nd2 Rac8 16. Bd4 Qb8 17. f4 Nd7 18. b4 Bf6 {0-1
Krasenkow,M-Jakovenko,D/Warsaw 2005/CBM 108 (47)}) (9. Be2 b6 10. O-O Bb7 11.
Bg5 Rac8 12. Rc1 Qb8 13. Bh4 d6 14. b4 Rfe8 15. Re1 Ne5 16. Nxe5 dxe5 17. Bf1 {
1-0 Van Wely,L-Guadalpi,D/Warsaw 2005/CBM 108 (74)}) 9... b6 10. h3 {Dieser
Zug scheint mir ein wenig langsam. Weiß möchte das Springermanöver Ng4
verhindern. Die Alternative 10.Bd3 ist aktiver.} (10. Bd3 h6 $5 11. Bh4 Nh5 12.
Bxe7 Nxe7 13. O-O Ba6 14. Rc1 Nf4 {1-0 Kortschnoj,V-Ponomariov,R/Donetsk 2001/
CBM 81/[Kortschnoj] (66)}) 10... Bb7 11. Rc1 {Nach diesem Zug muß Schwarz
immer mit Sprnger d5 rechnen.} Ne5 $11 {Schwarz hat eine bequeme Igelstellung
- Weiß hat mehr Raum, aber die Stellung von Schwarz ist elastischer verbunden
mit Entwicklungsvorteil.} 12. Nd2 Ng6 (12... d6 13. Be2 a6 14. O-O Rac8 $11)
13. Be2 h6 14. Be3 Bc5 $1 {[%mdl 32] Schwarz möchte die schwarzfeldrigen
Läufer tauschen, um die Kontrolle über die schwarzen Felder zu erlangen. Dies
ist der Vorteil gegenüber dem schematischen d7-d6.} 15. Bxc5 bxc5 $15 {[%csl
Yd4,Ye5,Yf4] Schwarz kann mit seinem Entwicklungverlauf zufrieden sein; er
kontrolliert die wichtigen schwarzfeldrigen Felder im Zentrum.} 16. O-O Rad8
17. Qc2 Nh7 $5 {[%cal Gh7g5,Gg6f4,Gf7f5] Ein originelles Springermanöver:
Schwarz zielt auf mit dem Springer auf das Feld g5 und befreit gleichzeitig
seinen f-Bauern, um f7-f5 zu ziehen.} (17... Nf4 $15) 18. Rfe1 Ng5 19. b4 f5
20. exf5 Nh4 (20... Rxf5 21. Bd3 Nxh3+ (21... Rxf2 22. Kxf2 Nxh3+ 23. gxh3 Qh2+
) 22. gxh3 Rxf2 23. Kxf2 Qh2+ 24. Ke3 Qg3+ 25. Ke2 Nf4+ 26. Kd1 Nxd3 $44 {
Weiß hat einen Turm mehr, aber der schwarze Angriff ist gefährlich.}) 21. Bf1
Qf4 $36 {[%csl Gb7,Gf4,Gg5,Gh4] Schwarz verfügt über positionellen Druck am
Königsflügel.} 22. Nce4 Rxf5 (22... Nxf5 $15 {[%csl Yd4][%cal Gf5d4]}) 23. f3
Rdf8 (23... Bxe4 $1 24. Nxe4 (24. fxe4 $2 Nxh3+ 25. gxh3 Qg3+ 26. Kh1 Rf2 $19)
(24. Rxe4 Nhxf3+ 25. gxf3 Qxd2 $19) 24... Ngxf3+ 25. gxf3 Nxf3+ 26. Kh1 Nxe1
27. Rxe1 cxb4 28. axb4 d5 $17) 24. Kh1 $1 $13 {[%csl Gh1] Weiß verteidigt sich
gut und vereitelt Nxf3+.} (24. Nxc5 $2 Qg3 $19 (24... Ngxf3+ 25. Nxf3 Nxf3+ 26.
gxf3 Rg5+ $19)) 24... Nxe4 25. Nxe4 cxb4 26. axb4 Qc7 27. Qd1 $2 {Mit diesem
Zug bereitet Weiß 28.Qd6 vor. Unter positionellem Aspekt ist dieser Zug zwar
richtig, aber die Dame verläßt dann die zweite Reihe. Somit kann Schwarz mit
einem schönen Opfer deutlichen Vorteil erlangen.} (27. c5) (27. Qd2) {[#]}
27... Rxf3 $1 $17 {[%mdl 64]} 28. Qd6 (28. gxf3 Nxf3 {[%csl Rh1][%cal Rc7h2]}
29. Qd6 (29. Qc2 Nxe1 30. Rxe1 Qg3 $19) 29... Qxd6 30. Nxd6 Nxe1+ 31. Kg1 (31.
Nxb7 $2 Rxf1+ 32. Kh2 Nf3+ $19) 31... Nf3+ $17) 28... Qxd6 29. Nxd6 Rxf1+ 30.
Rxf1 Bxg2+ {[%cal Rg2h1,Rg2f1]} 31. Kg1 Bxf1 32. Rxf1 Rxf1+ 33. Kxf1 Nf5 $19 {
Mit zwei Bauern mehr steht Schwarz auf Gewinn; falls der Nd6 dem
Springertausch ausweicht, folgt 34...Ne3+ und Weiß verliert den c4-Bauern.} 34.
Ne4 (34. Nc8 Ne3+ 35. Ke2 Nxc4 36. Nxa7 Kf7 $19) 34... Ne3+ 0-1

[Event "EU-ch 6th"]
[Site "Warsaw"]
[Date "2005.06.29"]
[Round "11"]
[White "Krasenkow, Michal"]
[Black "Jakovenko, Dmitrij"]
[Result "0-1"]
[WhiteElo "2672"]
[BlackElo "2608"]
[Annotator "Ribli,Z"]
[PlyCount "94"]
[EventDate "2005.06.18"]
[EventType "swiss"]
[EventRounds "13"]
[EventCountry "POL"]
[SourceTitle "CBM 108"]
[Source "ChessBase"]
[SourceDate "2005.09.26"]
[SourceVersion "1"]
[SourceVersionDate "2005.09.26"]
[SourceQuality "1"]

1. Nf3 c5 2. c4 Nc6 3. d4 cxd4 4. Nxd4 Nf6 5. Nc3 e6 6. a3 Be7 {Das ist die
einfache und populäre Fortsetzung - die Alternativen sind 6...Nxd4 7.Qxd4 b6,
6...d5 und 6...Bc5.} 7. e4 O-O 8. Nf3 Qc7 {Mit diesem Damenzug verhindert
Schwarz die Möglichkeit Bf4.} (8... b6 9. Bf4 Bb7 10. Be2 Rc8 11. O-O Na5 12.
Nd2 d5 13. cxd5 exd5 14. e5 Ne4 15. Ncxe4 dxe4 16. b4 Nc6 17. Bg4 Ra8 18. Bf5 {
1-0 Krasenkow,M-Miton,K/Warsaw 2003/EXT 2005 (70)}) 9. g3 {[%cal Gc1f4,Gf4c7]
Eine theoretische Neuerung - Weiß möchte nicht Bg2, sondern Bf4 ziehen. Meiner
Meinung nach ist die Alternative 9.Bg5 natürlicher.} (9. Bg5 b6 10. h3 (10. Bd3
h6 $5 11. Bh4 Nh5 12. Bxe7 Nxe7 13. O-O Ba6 (13... Bb7 {Ribli}) 14. Rc1 Nf4 {
1-0 Kortschnoj,V-Ponomariov,R/Donetsk 2001/CBM 081/[Kortschnoj] (66)}) 10...
Bb7 11. Rc1 Ne5 12. Nd2 Ng6 13. Be2 h6 14. Be3 Bc5 15. Bxc5 bxc5 {0-1
Khismatullin,D-Romanov,E/Warsaw 2005/CBM 108 (34)}) (9. Be2 b6 10. O-O Bb7 11.
Bg5 Rac8 12. Rc1 Qb8 13. Bh4 d6 14. b4 Rfe8 15. Re1 Ne5 16. Nxe5 dxe5 17. Bf1 {
1-0 Van Wely,L-Guadalpi,D/Warsaw 2005/CBM 108 (74)}) 9... Rd8 10. Bf4 d6 11.
Be2 (11. Bg2 Ne5 12. b3 a6 $15 {[%cal Gb7b5]}) 11... Ne5 12. Rc1 Ng6 (12...
Nxc4 13. O-O $44) 13. Be3 b6 14. O-O Bb7 $11 {Weiß verfügt über Raumvorteil,
der typisch ist in der Igelvariante, aber die schwarze Stellung ist sicher und
bequem.} 15. Nd2 Rac8 16. Bd4 Qb8 {Schwarz verläßt die c-Linie - in solchen
Stellungen muß Weiß immer mit d6-d5 rechnen.} 17. f4 Nd7 {[%cal Ge7f6,Gf6b2]
Schwarz bereitet 18...Bf6 vor.} (17... d5 18. cxd5 exd5 19. e5 $14) 18. b4 Bf6
19. Bxf6 (19. Be3 $5 $11) 19... Nxf6 20. Bd3 a6 {Schwarz verfolgt weiterhin
konseqent seine Wartestrategie; mit dem Textzug sichert er seinen Damenflügel
und verhindert eventuell Nb5.} (20... d5 $6 21. cxd5 exd5 22. e5 d4 (22... Ne4
23. Bxe4 dxe4 24. Qe2 $16) 23. Nb5 (23. Nce4 Rxc1 24. Qxc1 Ng4 25. Re1 Ne3 26.
Nb3 $14) 23... Rxc1 24. Qxc1 Ng4 25. Nb3 $14) 21. Qe2 Rc7 22. Nb3 Nf8 23. Rfd1
h6 24. h3 Rcc8 25. Qe3 Bc6 26. Be2 (26. Bf1 $11) 26... Ba8 27. Rd4 Qc7 28. a4
Qe7 {[%cal Ge7b4]} 29. Rdd1 Qb7 (29... d5 $5) 30. Rd4 Qe7 31. Rd2 (31. Rdd1
$142) {[#]} 31... d5 $1 {[%cal Ge7b4][%mdl 4] Dieser Zentrumsdurchbruch kommt
rechtzeitig - Schwarz übernimmt die Initiative} 32. c5 (32. exd5 Qxb4 $36) (32.
e5 dxc4 33. exf6 Qb7 $36 {[%cal Ra8g2,Rg2g1,Rc4b3]}) 32... bxc5 33. bxc5 (33.
Nxc5 a5 $1 $17 {[%csl Rb4,Rc5]}) 33... Qb7 {Es "hängt" der Nb3 und Schwarz
verteidigt gleichzeitig den a6-Bauern.} (33... Nxe4 34. Nxe4 dxe4 35. Bxa6) 34.
Rb1 Nxe4 $1 $17 {Schwarz hat einen Bauern mehr und es gibt viele Schwächen in
der weißen Stellung.} 35. Nd4 Qa7 {[%cal Ga7g1]} 36. Nxe4 dxe4 37. Rb6 {
Mit diesem Zug fischt Weiß im Trüben.} Rxc5 38. Rxa6 Rc1+ 39. Kf2 Qc5 40. Nc2 {
[#]} Rxd2 $1 {[%mdl 512] Vor dem Hintergrund der überlegenen Initivative
opfert Schwarz Dame gegen Turm und Springer.} (40... Qxe3+ 41. Kxe3 $15) 41.
Qxc5 Bd5 $1 $19 {[%csl Rc2,Rf2] Alles ist verteidigt in der schwarzen Stellung;
es "hängt" unmittelbar der Nc2 und im nächstem Zug der Be2.} 42. Rd6 Rcxc2 43.
Qb5 Rc3 $1 {[%csl Rf2][%cal Re4e3,Re3f2]} (43... Rxe2+ 44. Qxe2 Rxe2+ 45. Kxe2
$36 {[%csl Ga4]}) 44. Qb1 e3+ {Die aktiveren schwarzen Figuren und der starke
Pe3 gewinnen die Partie leicht.} 45. Kf1 Rdc2 46. Rxd5 exd5 47. Qb5 d4 $1 0-1

[Event "RUS-USA m"]
[Site "Ruschess.com INT"]
[Date "2005.07.10"]
[Round "2"]
[White "Gulko, Boris F"]
[Black "Alekseev, Evgeny V"]
[Result "1/2-1/2"]
[WhiteElo "2589"]
[BlackElo "2625"]
[Annotator "Ribli,Z"]
[PlyCount "98"]
[EventDate "2005.07.02"]
[EventType "team"]
[EventRounds "2"]
[EventCountry "RUS"]
[SourceTitle "CBM 109"]
[Source "ChessBase"]
[SourceDate "2005.11.14"]
[SourceVersion "1"]
[SourceVersionDate "2005.11.14"]
[SourceQuality "1"]

1. Nf3 c5 2. c4 Nc6 3. d4 {Wenn Weiß statt der Partiefortsetzung 3.Nc3 spielt,
gibt es zwei populäre Fortsetzungen für Schwarz: 3...Nd4 und 3...e5.} cxd4 4.
Nxd4 e6 5. Nc3 Nf6 6. g3 Qb6 7. Nb3 (7. Ndb5 Ne5 8. Bg2 a6 9. Na3 d6 10. O-O
Rb8 11. Qb3 Qc7 12. Bf4 Ng6 13. Be3 b6 14. Rfd1 Be7 15. Qa4+ Kf8 {1/2-1/2
Nielsen,P-Alekseev,E/Skanderborg 2003/(24)}) 7... Ne5 8. e4 Bb4 9. Qe2 d6 10.
Bd2 (10. f4 Nc6 11. Be3 Bxc3+ 12. bxc3 Qc7 {Das ist die alte Hauptvariante:
Weiß verfügt über das Läuferpaar und Raumvorteil, aber die schwarze
Bauernstruktur ist gesund und er hat eine feste Stellung.}) 10... O-O 11. O-O-O
(11. Rc1 a5 $5 12. f4 Nc6 13. Be3 Qc7 14. Nd2 $1 b6 15. Bg2 Ba6 16. Nb5 Qd7 17.
O-O Rab8 18. Rfd1 $6 (18. Rcd1 $1 Bxb5 19. cxb5 Ne7) 18... e5 $1 {1/2-1/2
Timman,J-Gulko,B/Riga 1995/(27)}) 11... a5 (11... Nc6) (11... Bd7 $5) 12. f4 a4
(12... Nc6 13. Be3 Qa6 14. Nb5 a4 15. Nd2 a3 16. b3 Qa5 17. Bg2 (17. g4) 17...
Bd7 (17... e5 18. f5 Bd7 19. g4 Rfc8 20. g5 Ne8 21. Kb1 {1-0 Tukmakov,
V-Berelovich,A/Donetsk (zt) 1998/ (38)}) 18. Kb1 Rfc8 19. e5 dxe5 20. fxe5 Nxe5
21. Bd4 Neg4 22. Rhf1 Bxb5 (22... e5 $5) 23. cxb5 Bc3 24. Nc4 Qb4 25. Bxc3 Qxc3
26. Rd3 Qb4 27. Nb6 {1-0 Marzolo,C-Breder,D/Budapest 2002/ (30)}) 13. fxe5 axb3
14. a3 dxe5 (14... Bxc3 15. Bxc3 dxe5 16. Bxe5 $36) 15. axb4 Ra1+ 16. Nb1 Qa7
17. Qd3 Qa2 18. Bg2 Re8 19. Bc3 (19. Bg5 Re7 $3 {(/\ Rd7)} 20. Qd8+ Re8 21. Qd3
Re7 $11 {Ivanchuk,V-Khalifman,A/Elista 1998/CBM 65/[Ribli] (21)}) 19... Re7 20.
Kd2 Rd7 21. Na3 Rxd1+ 22. Rxd1 h5 $146 {[%csl Ra2,Rd3] Eine Neuerung. Beide
Damen stehen schlecht; Weiß verliert seine Dame, aber die schwarze Dame steht
vollkommen abgeschnitten. Anderseits es ist nicht leicht für Weiß, die Dame zu
fangen.} (22... Kf8 23. Bf3 Rxd3+ 24. Kxd3 Nd7 25. c5 b5 26. Ke3 Ke7 27. Be2
Ba6 (27... f5 28. Bd3 $1) 28. h4 $5 (28. Bd3 Nb8 29. Bb1 Qa1 30. Rd6 $16) 28...
f6 29. Rd6 (29. c6 $5 $18) 29... Bc8 30. Rd1 Ba6 31. h5 $2 $138 Nb8 32. Bd3 Nc6
33. Bb1 Qa1 34. Bc2 Qa2 35. Bb1 Qa1 36. Bc2 {1/2-1/2 Marin,M-Khamrakulov,I/
Andorra 2001/[Ribli] (36)}) (22... Rxd3+ 23. Kxd3 Nd7 {[%cal Gd7b6]} (23... Ng4
24. Ke2) 24. c5 {[%cal Gd3c4]} b5 25. Ke3 h5 $1 (25... Kf8 26. Bf1 Nxc5 27.
bxc5 b4 28. Bxb4 Qxb2 29. c6+ Ke8 30. c7 $18) 26. Bf1 Nxc5 $1 27. Bxb5 $1 (27.
bxc5 b4 $132) 27... Na6 (27... Nb7 $5) 28. Bxa6 Bxa6 29. Bxe5 f6 30. Bc3 {
[%cal Ge4e5]} e5 31. h4 Kh7 32. b5 {1-0 Marin,M-Marzolo,C/Cannes 2002/[Ribli] 
(50)}) 23. Bf3 {[%cal Gf3d1,Gd1b3] Weiß plant den Angriff auf den Bauern b3
mit seinem Läufer.} Rxd3+ 24. Kxd3 Nd7 {[%cal Gd7b6,Gb6a4] Ein typisches Motiv
in dieser Variante: der Springer strebt über b6 nach a4.} 25. c5 (25. Bxh5 Nb6
$13 {[%cal Gb6a4]}) 25... Kf8 26. Kc4 {Weiß hat Turm und Laufer gegen Dame und
Bauern. Die weiße Stellung ist viel aktiver, aber die große Frage ist, wie
kann Weiß die Dame auf a2 angreifen.} Ke7 27. Rc1 $16 {[%cal Rf3d1,Rd1b3]} (27.
Bxh5 $5 $16) 27... f5 28. Bd1 b5+ $8 {[%mdl 256] Das ist die einzige
Gegenchance für Schwarz; sonst spielt Weiß 29.b5 und 3.Bxb3 mit Damenfang.} (
28... fxe4 29. b5 $18 (29. Bxb3 $2 b5+ 30. cxb6 (30. Nxb5 Qa8 $19 (30... Bb7 {
[%cal Rb7d5,Rd5c4]})) 30... Nxb6+ 31. Kc5 Qxb3 32. Kxb6 Qd5 $19)) 29. Kxb5 (29.
Nxb5 $2 Qa6 $19) 29... Nb8 30. Kc4 $6 (30. Ka4 $1 Bd7+ (30... fxe4 31. c6 $18 (
31. Bxb3 $2 Bd7+ 32. b5 Bxb5+ $19)) 31. b5 Na6 32. Bxe5 Nxc5+ 33. Rxc5 Qa1 34.
Bxh5 (34. Bxb3 $18)) 30... Nc6 31. Bxb3 (31. Rb1 $5) 31... Ba6+ 32. b5 (32. Nb5
Bxb5+ (32... Nd4 33. Bxd4 (33. Bxa2 $4 Bxb5#) 33... Bxb5+ 34. Kxb5 Qa8 (34...
Qxb3 35. Bc3 fxe4 36. c6 Qd5+ 37. Kb6 $16) 35. c6 exd4 36. exf5 Qb8+ 37. Kc5
Qd6+ $11) 33. Kxb5 Qa8 (33... Qxb3 34. Kxc6 Qa4+ 35. Kb6 Qa8 36. Bxe5 Qxe4 37.
Bd6+ $14) (33... Na7+ 34. Kb6 (34. Kc4 $4 Qa6+) 34... Nc8+ 35. Kc7 Qa7+ 36.
Kxc8 Qa8+ 37. Kc7 Qa7+ $11)) 32... Na5+ $2 (32... Bxb5+ $1 33. Nxb5 (33. Kxb5
Nd4+ $19) 33... Qa6 {[%csl Rb5,Rc4][%cal Rc6a7,Ra7b5] Weiß hat Turm und zwei
Leichtfiguren gegen die Dame, aber Schwarz droht 34...Na7 mit Figurengewinn.})
33. Bxa5 Qxb2 34. bxa6 (34. Rc3 Qxa3 35. Bb4 Qa1 36. c6+ Kf6 37. bxa6 Qxa6+ 38.
Kc5 $18) 34... Qxc1+ 35. Kb4 {[%mdl 1024] Weiß hat drei Leichtfiguren gegen
die Dame und zwei starke Freibauern am Damenflügel.} (35. Kb5) 35... Qe1+ 36.
Ka4 $2 {Weiß verliert nun seinen e4-Bauern mit Schach.} (36. Kb5 $1 $18) 36...
Qxe4+ $132 37. Bb4 (37. Nc4 Qc6+ 38. Kb4 Qxa6) 37... Qc6+ 38. Ka5 f4 {[%csl
Ge5,Gf4] Schwarz hat Gegenchancen; seine Bauern auf der e- und f-Linie sind
gefährlich.} 39. Nc4 f3 40. Ne3 (40. Nxe5 $4 Qc7+ $19) 40... Kd8 41. Bc2 Kc8
42. Bd3 Kb8 (42... Qc7+ 43. Ka4 Qd7+ 44. Bb5 Qd4) 43. Bb5 Qe4 44. Nf1 Qd4 45.
c6 e4 (45... Qd5) 46. Bd2 Qd8+ $11 47. Ka4 Qd4+ 48. Kb3 Qd5+ 49. Kb4 Qd4+
1/2-1/2